| 000 | 00000nas 2200000zi 4500 |
| 001 | 9.930745 |
| 003 | CaOODSP |
| 005 | 20240717155223 |
| 006 | m o d f |
| 007 | cr cn |||||||| |
| 008 | 200429d19841987oncar p o f0### 0eng|d |
| 040 | |aCaOODSP|beng|erda|cCaOODSP |
| 043 | |an-cn--- |
| 086 | 1 |aC1-3/1E-PDF |
| 110 | 1 |aCanada. |bDepartment of Regional Industrial Expansion, |eauthor, |eissuing body. |
| 245 | 10|aAccess to Information and Privacy Acts, annual reports. |
| 264 | 1|aOttawa, Canada : |bRegional Industrial Expansion = Expansion industrielle régionale, |c[1984-1987] |
| 310 | |aAnnual |
| 336 | |atext|btxt|2rdacontent |
| 337 | |acomputer|bc|2rdamedia |
| 338 | |aonline resource|bcr|2rdacarrier |
| 362 | 1 |aBegan with: 1983/1984; ceased with: 1986/1987. |
| 500 | |aIssued also in French under title: Loi sur l'accès à l'information et Loi sur la protection des renseignements personnels, rapports annuels. |
| 500 | |aDigitized edition from print [produced by Innovation, Science and Economic Development Canada]. |
| 580 | |aMerged with: Canada. Ministry of State, Science and Technology. Access to Information and Privacy Acts, annual reports, to become: Canada. Industry, Science and Technology Canada. Access to Information and Privacy Acts, annual reports. |
| 588 | |aDescription based on: 1983/1984. |
| 588 | |aLatest issue consulted: 1986/1987. |
| 610 | 10|aCanada. |bDepartment of Regional Industrial Expansion |vPeriodicals. |
| 610 | 10|aCanada. |tAccess to Information Act|vPeriodicals. |
| 610 | 10|aCanada. |tPrivacy Act|vPeriodicals. |
| 650 | 0|aGovernment information|zCanada|vPeriodicals. |
| 650 | 0|aFreedom of information|zCanada|vPeriodicals. |
| 650 | 0|aPrivacy, Right of|zCanada|vPeriodicals. |
| 655 | 7|aPeriodicals|2lcgft |
| 775 | 08|tLoi sur l'accès à l'information et Loi sur la protection des renseignements personnels, rapports annuels.|w(CaOODSP)9.930744 |
| 785 | 00|tAccess to Information and Privacy Acts, annual reports.|w(CaOODSP)9.886545 |